书目信息 |
| 题名: |
装配式木结构设计施工与BIM应用分析
|
|
| 作者: | 王玉镯 , 曹加林 , 高英 著 | |
| 分册: | ||
| 出版信息: | 北京 中国水利水电出版社 2018.03 |
|
| 页数: | 236页 | |
| 开本: | 24cm | |
| 丛书名: | ||
| 单 册: | ||
| 中图分类: | TU366.204-39 , TU759-39 , TU366.204 | |
| 科图分类: | ||
| 主题词: | 木结构--装配式构件--结构设计--计算机辅助设计--应用软件 , 木结构--装配式构件--工程施工--计算机辅助设计--应用软件 | |
| 电子资源: | ||
| ISBN: | 978-7-5170-6283-7 | |
| 000 | 01198nam0 2200277 450 | |
| 001 | 4807 | |
| 005 | 20181013094624.59 | |
| 010 | @a978-7-5170-6283-7@dCNY62.00 | |
| 100 | @a20180819d2018 em y0chiy50 ea | |
| 101 | 0 | @achi |
| 102 | @aCN@b110000 | |
| 105 | @aa z 000yy | |
| 200 | 1 | @a装配式木结构设计施工与BIM应用分析@9zhuang pei shi mu jie gou she ji shi gong yu BIM ying yong fen xi@f王玉镯,曹加林,高英著 |
| 210 | @a北京@c中国水利水电出版社@d2018.03 | |
| 215 | @a236页@c图@d24cm | |
| 330 | @a本书系统论述了木结构设计和施工的主要内容,列举了一些木结构施工案例,对现在炙手可热的建筑信息建模(BIM)及其应用进行了简单介绍。内容包括:木结构材料、木结构设计方法与木材设计指标、木结构房屋及木结构连接、木结构形式与应用、木结构工程项目实例、BIM基本知识、BIM在建筑施工中的应用等。 | |
| 606 | 0 | @a木结构@x装配式构件@x结构设计@x计算机辅助设计@x应用软件 |
| 606 | 0 | @a木结构@x装配式构件@x工程施工@x计算机辅助设计@x应用软件 |
| 690 | @aTU366.204-39@v5 | |
| 690 | @aTU759-39@v5 | |
| 690 | @aTU366.204@v4 | |
| 701 | 0 | @a王玉镯@9wang yu zhuo@f(1973-)@4著 |
| 701 | 0 | @a曹加林@9cao jia lin@4著 |
| 701 | 0 | @a高英@9gao ying@4著 |
| 801 | 0 | @aCN@b91MARC@c20180819 |
| 905 | @aMuseLib@dTU366.204@e1467 | |
| 装配式木结构设计施工与BIM应用分析/王玉镯,曹加林,高英著.-北京:中国水利水电出版社,2018.03 |
| 236页:图;24cm |
| ISBN 978-7-5170-6283-7:CNY62.00 |
| 本书系统论述了木结构设计和施工的主要内容,列举了一些木结构施工案例,对现在炙手可热的建筑信息建模(BIM)及其应用进行了简单介绍。内容包括:木结构材料、木结构设计方法与木材设计指标、木结构房屋及木结构连接、木结构形式与应用、木结构工程项目实例、BIM基本知识、BIM在建筑施工中的应用等。 |
| ● |
| 相关链接 |
|
|
|
|
正题名:装配式木结构设计施工与BIM应用分析
索取号:TU366.204/1467
 
预约/预借
| 序号 | 登录号 | 条形码 | 馆藏地/架位号 | 状态 | 备注 |
| 1 | 1126739 | 211267396 | 第二样本阅览室/ [索取号:TU366.204/1467] | 在馆 | |
| 2 | 1126740 | 211267403 | 第三借阅区/ [索取号:TU366.204/1467] | 在馆 | |
| 3 | 1126741 | 211267412 | 密集书库-资源管理系/ [索取号:TU366.204/1467] | 在馆 | |
| 4 | 1126742 | 211267421 | 第三借阅区/ [索取号:TU366.204/1467] | 在馆 | |
| 5 | 1126743 | 211267430 | 第三借阅区/ [索取号:TU366.204/1467] | 在馆 |